[Event "Tournoi francophone 007 Groupe E"]
[Site "Skype"]
[Date "????.??.??"]
[Round "5.6"]
[White "Mimouni, Driss"]
[Black "Schnell, Nicolas"]
[Result "1-0"]
[WhiteElo "1068"]
[BlackElo "1000"]
[PlyCount "75"]

1. c4 e5 2. e4 Bc5 3. d3 Qh4 4. g3 Qf6 5. Be3 Bb4+ 6. Bd2 Bc5 7. Nf3 Nc6 8. Bg5
Qd6 9. Nc3 Nd4 10. Nxd4 Qxd4 11. Qd2 b6 12. Nb5 Qxf2+ 13. Qxf2 Bxf2+ 14. Kxf2
Bb7 15. Nxc7+ Kf8 16. Nxa8 Bxa8 17. Bg2 h6 18. Be3 Nf6 19. Rhc1 Ng4+ 20. Ke2 h5
21. Bg5 h4 22. gxh4 Rh5 23. Bd2 Rxh4 24. Bb4+ Ke8 25. h3 Nh2 26. c5 b5 27. a4
Rf4 28. axb5 g5 29. Rxa7 g4 30. Rxa8+ Ke7 31. c6+ Kf6 32. cxd7 g3 33. d8=Q+ Kg6
34. Ra6+ Kh5 35. Qh8+ Kg5 36. Qg7+ Kh4 37. Be7+ Kh5 38. Qg5# 1-0

[Event "Tournoi francophone 007 Groupe E"]
[Site "Skype"]
[Date "????.??.??"]
[Round "6.1"]
[White "Scata, Laura"]
[Black "Rodriguez, Nathalie"]
[Result "1-0"]
[WhiteElo "1152"]
[BlackElo "1185"]
[PlyCount "51"]

1. e4 e5 2. Nf3 Nc6 3. Bc4 Nf6 4. d3 h6 5. c3 d5 6. exd5 Nxd5 7. Qe2 Bd6 8.
Bxd5 O-O 9. Bxc6 bxc6 10. O-O f5 11. Rd1 Be6 12. Nxe5 Bd5 13. c4 Be6 14. Nxc6
Qf6 15. Nc3 Bd7 16. Na5 Rae8 17. Qc2 Re7 18. Be3 Qe5 19. g3 Qxa5 20. Qb3 Be6
21. Re1 Qe5 22. Bxa7 Qf6 23. Ne4 fxe4 24. Rxe4 Qxf2+ 25. Bxf2 Bc5 26. d4 1-0

[Event "Tournoi francophone 007 Groupe E"]
[Site "Skype"]
[Date "????.??.??"]
[Round "6.2"]
[White "Douichi, Mohammed"]
[Black "Chothe, Siddhant"]
[Result "1-0"]
[WhiteElo "1165"]
[BlackElo "1193"]
[PlyCount "27"]

1. e4 e5 2. Nf3 Nc6 3. Bc4 Bc5 4. O-O Nf6 5. d3 h6 6. Nc3 d6 7. Nd5 Bg4 8. h3
Bh5 9. Be3 Nd4 10. Bxd4 Bxd4 11. c3 Nxd5 12. exd5 Bb6 13. Qa4+ Qd7 14. Bb5 1-0

[Event "Tournoi francophone 007 Groupe E"]
[Site "Skype"]
[Date "????.??.??"]
[Round "6.3"]
[White "Dhenain, Sebastien"]
[Black "Le Bouill, Pierre"]
[Result "1-0"]
[WhiteElo "1201"]
[BlackElo "1227"]
[PlyCount "55"]

1. e4 e6 2. d4 c6 3. Nf3 d5 4. exd5 cxd5 5. Bb5+ Bd7 6. Bxd7+ Qxd7 7. Ne5 Bd6
8. Nxd7 Nxd7 9. Nc3 Ngf6 10. Bg5 O-O 11. Bxf6 Nxf6 12. Nb5 Bb4+ 13. c3 Ba5 14.
b4 Bd8 15. O-O a6 16. Nd6 b5 17. Nb7 Be7 18. h3 Ne4 19. Nc5 Nxc3 20. Qc2 Ne4
21. Nxe4 dxe4 22. Qxe4 Bxb4 23. Rab1 f5 24. Qxe6+ Kh8 25. Rxb4 Rae8 26. Qxa6
Rf6 27. Qxb5 h6 28. Qxe8+ 1-0

[Event "Tournoi francophone 007 Groupe E"]
[Site "Skype"]
[Date "????.??.??"]
[Round "6.4"]
[White "Schnell, Nicolas"]
[Black "Lecluyse, Koenraad"]
[Result "0-1"]
[WhiteElo "1000"]
[BlackElo "1137"]
[PlyCount "34"]

1. e3 e5 2. d4 d6 3. Nc3 exd4 4. Qxd4 Nf6 5. Qd1 Be7 6. Nf3 Nc6 7. Bb5 Bd7 8.
O-O O-O 9. Bd3 Bg4 10. Qd2 Bxf3 11. gxf3 Ne5 12. Be2 Qd7 13. Re1 Qf5 14. e4 Qh3
15. Qd4 Rfd8 16. Bf1 Nxf3+ 17. Kh1 Qxh2# 0-1

[Event "Tournoi francophone 007 Groupe E"]
[Site "Skype"]
[Date "????.??.??"]
[Round "6.5"]
[White "Khabou, Taha"]
[Black "Mimouni, Driss"]
[Result "1-0"]
[WhiteElo "1000"]
[BlackElo "1068"]
[PlyCount "71"]

1. c4 d6 2. e4 e5 3. Nc3 Nf6 4. g3 Nc6 5. Bg2 Be7 6. Nd5 Nxd5 7. exd5 Nd4 8. b3
O-O 9. Bb2 Bf6 10. Ne2 Nxe2 11. Qxe2 Bf5 12. O-O e4 13. Bxf6 Qxf6 14. Bxe4 Bxe4
15. Qxe4 Rae8 16. Qc2 Re5 17. d4 Qf5 18. Qc3 Re4 19. Rad1 Rfe8 20. Qa5 Qf3 21.
Qxc7 Qxd1 22. Rxd1 Re1+ 23. Rxe1 Rxe1+ 24. Kg2 Re8 25. Qxd6 g6 26. Qd7 Re2 27.
Qc8+ Kg7 28. Qxb7 Rxa2 29. d6 Rd2 30. Qxa7 Re2 31. d7 Re7 32. Qc7 h5 33. Qd6
Re4 34. d8=Q Kh6 35. h4 Re6 36. Qh8# 1-0

[Event "Tournoi francophone 007 Groupe E"]
[Site "Skype"]
[Date "????.??.??"]
[Round "6.6"]
[White "Pilon, Sabrina"]
[Black "Bacha, Mehdi"]
[Result "1-0"]
[WhiteElo "1000"]
[BlackElo "1173"]
[PlyCount "31"]

1. e4 e5 2. Nf3 Nc6 3. d4 Bb4+ 4. c3 Ba5 5. dxe5 Nge7 6. Bf4 O-O 7. Bc4 Ng6 8.
Qd2 Nxf4 9. Qxf4 h6 10. Nh4 Ne7 11. Nf5 Nxf5 12. exf5 a6 13. Nd2 b5 14. Ne4
bxc4 15. f6 g6 16. Qxh6 1-0

[Event "Tournoi francophone 007 Groupe E"]
[Site "Skype"]
[Date "????.??.??"]
[Round "7.1"]
[White "Rodriguez, Nathalie"]
[Black "Dhenain, Sebastien"]
[Result "1-0"]
[WhiteElo "1185"]
[BlackElo "1201"]
[PlyCount "49"]

1. d4 d5 2. Nc3 Nf6 3. Bf4 Nc6 4. Nb5 e5 5. dxe5 Ne4 6. e6 Bxe6 7. Nxc7+ Kd7 8.
Nxa8 Qxa8 9. f3 Bb4+ 10. c3 Nxc3 11. bxc3 Bxc3+ 12. Bd2 Bxa1 13. Qxa1 Rg8 14.
Nh3 Bxh3 15. gxh3 Qd8 16. Bf4 Qh4+ 17. Bg3 Qb4+ 18. Kf2 Qc5+ 19. Kg2 Nd4 20.
Bf2 Nc2 21. Qb2 Qc8 22. e3 Re8 23. Bd3 Nxe3+ 24. Bxe3 Rxe3 25. Bf5+ 1-0

[Event "Tournoi francophone 007 Groupe E"]
[Site "Skype"]
[Date "????.??.??"]
[Round "7.3"]
[White "Lecluyse, Koenraad"]
[Black "Douichi, Mohammed"]
[Result "0-1"]
[WhiteElo "1137"]
[BlackElo "1165"]
[PlyCount "148"]

1. d4 Nf6 2. Nc3 e6 3. e4 Bb4 4. Bd2 Bxc3 5. Bxc3 Nxe4 6. Qe2 d5 7. Bb4 Nc6 8.
c3 Nxb4 9. cxb4 O-O 10. O-O-O Qf6 11. f3 Qh6+ 12. Kb1 Ng5 13. h4 Qg6+ 14. Kc1
Qh6 15. Qd3 Nxf3+ 16. Kb1 Nxg1 17. Rxg1 Qxh4 18. g3 Qf6 19. Rh1 Qf5 20. Kc1
Qxd3 21. Bxd3 h6 22. g4 f5 23. Rdg1 Kf7 24. gxf5 exf5 25. Rh5 Kf6 26. Rf1 Kg6
27. Be2 c6 28. Rg1+ Kh7 29. Rh3 Rh8 30. Bh5 Be6 31. Bg6+ Kg8 32. Rd3 Kf8 33.
Re3 Bd7 34. Rge1 Rd8 35. Re7 h5 36. Rf7+ Kg8 37. Ree7 Rh6 38. Rxg7+ Kh8 39.
Rh7+ Rxh7 40. Rxh7+ Kg8 41. Rxh5 Kg7 42. Bxf5 Bxf5 43. Rxf5 Kg6 44. Re5 Kf7 45.
Kd2 Rg8 46. Rf5+ Ke6 47. Rf2 Rg4 48. Kd3 Rg3+ 49. Ke2 Rg1 50. Kd3 Rd1+ 51. Kc3
Rc1+ 52. Kb3 Rc4 53. Rf4 b5 54. a4 a5 55. bxa5 Rxa4 56. Rh4 Rxa5 57. Kb4 Ra4+
58. Kc5 Rc4+ 59. Kb6 b4 60. b3 Rc2 61. Rh6+ Kd7 62. Rh7+ Kd6 63. Rh6+ Kd7 64.
Rh7+ Ke6 65. Rh6+ Kd7 66. Rh7+ Ke6 67. Rh6+ Kf5 68. Rxc6 Rxc6+ 69. Kxc6 Ke4 70.
Kc5 Kd3 71. Kxd5 Kc3 72. Kc5 Kxb3 73. d5 Kc3 74. d6 b3 0-1

[Event "Tournoi francophone 007 Groupe E"]
[Site "Skype"]
[Date "????.??.??"]
[Round "7.4"]
[White "Le Bouill, Pierre"]
[Black "Khabou, Taha"]
[Result "0-1"]
[WhiteElo "1227"]
[BlackElo "1000"]
[PlyCount "74"]

1. d4 Nf6 2. e3 c6 3. Bd3 d5 4. c3 Nbd7 5. f4 Nb6 6. b3 Bg4 7. Be2 Bf5 8. Nf3
e6 9. h3 Bd6 10. Bd3 Bxd3 11. Qxd3 Ne4 12. Ng5 Nxg5 13. fxg5 Qxg5 14. h4 Qg3+
15. Kd1 Qxg2 16. Qf1 Qg4+ 17. Kd2 Nd7 18. Ba3 Bxa3 19. Nxa3 Nf6 20. Kc2 Ne4 21.
Rg1 Ng3 22. Re1 Qe4+ 23. Kb2 Nxf1 24. Rexf1 O-O 25. h5 h6 26. Rf4 Qxe3 27. Rfg4
Qd2+ 28. Nc2 c5 29. Rxg7+ Kh8 30. R7g2 Qf4 31. dxc5 Rac8 32. b4 b6 33. Rg4 Qc7
34. a3 bxc5 35. R1g3 cxb4 36. Nxb4 f5 37. Rf3 fxg4 0-1

[Event "Tournoi francophone 007 Groupe E"]
[Site "Skype"]
[Date "????.??.??"]
[Round "7.5"]
[White "Schnell, Nicolas"]
[Black "Pilon, Sabrina"]
[Result "0-1"]
[WhiteElo "1000"]
[BlackElo "1000"]
[PlyCount "32"]

1. e4 c5 2. c3 g6 3. Bc4 Bg7 4. e5 Bxe5 5. Nf3 Nc6 6. O-O Nf6 7. Re1 Ng4 8. Re4
d5 9. Bd3 dxe4 10. Bxe4 Qd6 11. Qb3 Bxh2+ 12. Nxh2 Qxh2+ 13. Kf1 Qh4 14. g3
Nh2+ 15. Ke2 Qxe4+ 16. Kd1 Bg4+ 0-1

[Event "Tournoi francophone 007 Groupe E"]
[Site "Skype"]
[Date "????.??.??"]
[Round "7.6"]
[White "Bacha, Mehdi"]
[Black "Morin, Claude"]
[Result "1-0"]
[WhiteElo "1173"]
[BlackElo "1013"]
[PlyCount "63"]

1. e4 e5 2. c4 d6 3. d3 Nc6 4. Be3 Nf6 5. g3 a6 6. Bg2 Bg4 7. Nf3 Qd7 8. O-O
O-O-O 9. Re1 Na5 10. Qc2 Qc6 11. Nbd2 d5 12. b4 Bxb4 13. Nxe5 Qe6 14. a3 Bxd2
15. Bxd2 Qxe5 16. Bxa5 dxe4 17. Bc3 Qd6 18. Bxf6 Qxf6 19. Bxe4 Bh3 20. Qb3 b6
21. a4 a5 22. c5 Kd7 23. Qd5+ Kc8 24. Qb7+ Kd7 25. c6+ Ke7 26. Qxc7+ Ke8 27.
Bf5+ Kf8 28. Bxh3 Qd6 29. Qxb6 Qxd3 30. Qc5+ Qd6 31. Rad1 Qxc5 32. Rxd8# 1-0

[Event "Tournoi francophone 007 Groupe E"]
[Site "Skype"]
[Date "????.??.??"]
[Round "8.1"]
[White "Khabou, Taha"]
[Black "Rodriguez, Nathalie"]
[Result "1-0"]
[WhiteElo "1000"]
[BlackElo "1185"]
[PlyCount "77"]

1. c4 e6 2. e4 c6 3. d4 Nf6 4. Nc3 d5 5. e5 Ne4 6. Nxe4 dxe4 7. f3 Qa5+ 8. Bd2
Qb6 9. Bc3 Be7 10. fxe4 O-O 11. Nf3 f5 12. exf6 Bxf6 13. e5 Be7 14. Be2 Bb4 15.
O-O Be7 16. c5 Qd8 17. Bc4 b5 18. Bxb5 cxb5 19. Qb3 a6 20. Rac1 Nc6 21. Qc2 g6
22. Rcd1 Na5 23. Qd2 Nc4 24. Qh6 Rf7 25. b3 Na5 26. Bxa5 Qxa5 27. Rf2 Bf8 28.
Qh3 Bb7 29. Qxe6 Bc8 30. Qd5 Bb7 31. Qe6 Re8 32. Qxe8 Qc7 33. Qe6 Bc8 34. Qd5
Bb7 35. Qe6 Bc8 36. Qe8 Bf5 37. Nh4 Re7 38. Qa8 Bc2 39. Qxf8# 1-0

[Event "Tournoi francophone 007 Groupe E"]
[Site "Skype"]
[Date "????.??.??"]
[Round "8.2"]
[White "Dhenain, Sebastien"]
[Black "Douichi, Mohammed"]
[Result "1-0"]
[WhiteElo "1201"]
[BlackElo "1165"]
[PlyCount "49"]

1. e4 e5 2. Nf3 Nc6 3. c3 Nf6 4. d4 exd4 5. cxd4 Nxe4 6. Qe2 d5 7. Nbd2 Nxd4 8.
Nxd4 Bb4 9. f3 Qe7 10. Qb5+ c6 11. Qe2 O-O 12. fxe4 Qxe4 13. Qxe4 Re8 14. Qxe8+
Bf8 15. Nf5 g6 16. Ne7+ Kg7 17. Nxc8 d4 18. Nf3 f6 19. Qd7+ Kh8 20. Qxb7 Rxc8
21. Qxc8 Kg7 22. Bc4 c5 23. O-O h6 24. Bxh6+ Kxh6 25. Qxf8+ 1-0

[Event "Tournoi francophone 007 Groupe E"]
[Site "Skype"]
[Date "????.??.??"]
[Round "8.3"]
[White "Pilon, Sabrina"]
[Black "Chothe, Siddhant"]
[Result "0-1"]
[WhiteElo "1000"]
[BlackElo "1193"]
[PlyCount "66"]

1. e4 e5 2. Nf3 Nc6 3. d4 d6 4. Bc4 h6 5. O-O Nf6 6. Nc3 Bg4 7. Be3 exd4 8.
Bxd4 Bxf3 9. Bxf6 Qxf6 10. Nd5 O-O-O 11. Qd3 Bxe4 12. Qxe4 Qxb2 13. Qf5+ Rd7
14. Rae1 Ne5 15. Re3 c6 16. f4 cxd5 17. Bxd5 Qd4 18. Rfe1 Qxd5 19. fxe5 dxe5
20. Rxe5 Qd4+ 21. Kh1 Bd6 22. R5e4 Qb6 23. c4 Rhd8 24. c5 Bxc5 25. h3 Kb8 26.
Rc4 Rc7 27. Rec1 Bd6 28. a4 Rxc4 29. Rxc4 Qe3 30. g3 Qe1+ 31. Kg2 Qxg3+ 32. Kf1
Re8 33. Qxf7 Re1# 0-1

[Event "Tournoi francophone 007 Groupe E"]
[Site "Skype"]
[Date "????.??.??"]
[Round "8.4"]
[White "Lecluyse, Koenraad"]
[Black "Bacha, Mehdi"]
[Result "1/2-1/2"]
[WhiteElo "1137"]
[BlackElo "1173"]
[PlyCount "68"]

1. d4 Nf6 2. Nc3 e6 3. e4 b6 4. e5 Nd5 5. Nxd5 exd5 6. Nf3 Be7 7. Bd3 O-O 8.
O-O Ba6 9. Re1 Bxd3 10. Qxd3 Nc6 11. c3 d6 12. exd6 Bxd6 13. Ng5 g6 14. Qf3 Ne7
15. Qh3 h5 16. Ne6 fxe6 17. Qxe6+ Rf7 18. Bg5 c6 19. Bxe7 Qxe7 20. Qxg6+ Rg7
21. Qxh5 Qg5 22. Re8+ Rxe8 23. Qxe8+ Kh7 24. g3 Qf5 25. Qxc6 Be7 26. Re1 Rf7
27. Rf1 Bg5 28. Qb5 Bc1 29. Qe2 Bg5 30. a4 Re7 31. Qb5 Rf7 32. Qe2 a5 33. Qb5
Be3 34. Qe2 Bg5 1/2-1/2

[Event "Tournoi francophone 007 Groupe E"]
[Site "Skype"]
[Date "????.??.??"]
[Round "8.5"]
[White "Le Bouill, Pierre"]
[Black "Schnell, Nicolas"]
[Result "1-0"]
[WhiteElo "1227"]
[BlackElo "1000"]
[PlyCount "43"]

1. d4 Nf6 2. e3 e5 3. Nf3 Bb4+ 4. Bd2 Qe7 5. a3 Bd6 6. c3 Ne4 7. Qe2 Qf6 8.
dxe5 Bxe5 9. g3 Bd6 10. Bg2 O-O 11. c4 Qxb2 12. Bc3 Qb6 13. Nd4 Be5 14. Bxe4
Qf6 15. Nd2 d6 16. h3 Rd8 17. f4 d5 18. Bxd5 Bd6 19. N2f3 Re8 20. Ng5 Bc5 21.
Qd3 g6 22. Nb5 1-0

[Event "Tournoi francophone 007 Groupe E"]
[Site "Skype"]
[Date "????.??.??"]
[Round "8.6"]
[White "Morin, Claude"]
[Black "Mimouni, Driss"]
[Result "0-1"]
[WhiteElo "1013"]
[BlackElo "1068"]
[PlyCount "76"]

1. e4 e5 2. Nf3 Nh6 3. Nxe5 d6 4. Nf3 Bg4 5. d3 Nc6 6. c3 Be7 7. d4 Bh4 8. d5
Bxf3 9. gxf3 Ne5 10. Bf4 Qf6 11. Qd2 Nxf3+ 12. Ke2 Nxd2 13. Kxd2 Qxf4+ 14. Ke2
Qxf2+ 15. Kd3 Qf3+ 16. Kd4 Qxh1 17. Nd2 Qg1+ 18. Kd3 Bf2 19. Kc2 O-O 20. Nf3
Qg4 21. Be2 Qxe4+ 22. Kd2 Qe3+ 23. Kd1 Rfe8 24. a4 Qxe2+ 25. Kc1 Qe1+ 26. Nxe1
Rxe1+ 27. Kc2 Rxa1 28. b3 Re1 29. Kd2 Rae8 30. h3 Nf5 31. c4 R8e3 32. b4 R3e2+
33. Kd3 Re3+ 34. Kd2 Ng3 35. b5 Nf1+ 36. Kc2 R1e2+ 37. Kd1 Ra2 38. c5 Re1# 0-1

[Event "Tournoi francophone 007 Groupe E"]
[Site "Skype"]
[Date "????.??.??"]
[Round "9.1"]
[White "Bacha, Mehdi"]
[Black "Rodriguez, Nathalie"]
[Result "0-1"]
[WhiteElo "1173"]
[BlackElo "1185"]
[PlyCount "124"]

1. e4 e6 2. c4 Nf6 3. d3 c6 4. Be3 d5 5. g3 Qa5+ 6. Nd2 Be7 7. Bg2 Nbd7 8. Ngf3
Nc5 9. Bxc5 Qxc5 10. d4 Qb6 11. e5 Ne4 12. a3 Qxb2 13. O-O Nxd2 14. Qxd2 Qb6
15. c5 Qd8 16. Rfe1 O-O 17. a4 f5 18. a5 a6 19. Qb4 f4 20. Qb6 Qd7 21. h4 Bd8
22. Qb1 g6 23. Bh3 fxg3 24. fxg3 Rxf3 25. Kg2 Qf7 26. Qc2 Bd7 27. Bg4 Rf5 28.
Bxf5 exf5 29. Qf2 Be7 30. Qf4 Rf8 31. Rf1 Be6 32. Rab1 Bc8 33. Rfe1 Re8 34. e6
Bxe6 35. Rxb7 Bc8 36. Rb8 Rf8 37. Qc7 Be6 38. Rxf8+ Bxf8 39. Qxf7+ Kxf7 40. Rb1
Bg7 41. Rb4 Bh6 42. Kf3 f4 43. Rb7+ Kf6 44. Rxh7 Bg7 45. Kxf4 Bf5 46. g4 Be4
47. g5+ Kf7 48. h5 gxh5 49. Rxh5 Bg6 50. Rh1 Bxd4 51. Rf1 Bxc5 52. Kg4+ Kg7 53.
Rc1 Be3 54. Rxc6 d4 55. Rxa6 d3 56. Ra7+ Bxa7 57. a6 d2 58. Kf4 d1=Q 59. Ke5
Qd4+ 60. Ke6 Qe4+ 61. Kd6 Bb8+ 62. Kd7 Qe8# 0-1

[Event "Tournoi francophone 007 Groupe E"]
[Site "Skype"]
[Date "????.??.??"]
[Round "9.3"]
[White "Douichi, Mohammed"]
[Black "Le Bouill, Pierre"]
[Result "1-0"]
[WhiteElo "1165"]
[BlackElo "1227"]
[PlyCount "62"]

1. e4 e5 2. Bc4 Nf6 3. Nf3 Nc6 4. Nc3 d6 5. h3 Be7 6. O-O O-O 7. d3 Nd4 8. Ng5
Be6 9. Bxe6 Nxe6 10. Nf3 c6 11. Be3 d5 12. Nxe5 d4 13. Ne2 dxe3 14. fxe3 Bd6
15. Nf3 Nh5 16. e5 Bc7 17. d4 f6 18. exf6 Nxf6 19. Qd3 Nh5 20. Qe4 Qe7 21. Ne5
Bxe5 22. Qxe5 Nf6 23. Ng3 g6 24. c3 Rae8 25. Qa5 Ng5 26. Qxg5 Qxe3+ 27. Qxe3
Rxe3 28. Kf2 Ree8 29. Kf3 Ne4+ 30. Kg4 h5+ 31. Kh4 Nd6 1-0

[Event "Tournoi francophone 007 Groupe E"]
[Site "Skype"]
[Date "????.??.??"]
[Round "9.4"]
[White "Schnell, Nicolas"]
[Black "Dhenain, Sebastien"]
[Result "0-1"]
[WhiteElo "1000"]
[BlackElo "1201"]
[PlyCount "40"]

1. e4 e5 2. Nf3 Nc6 3. Nc3 Bb4 4. d3 Bxc3+ 5. bxc3 Nf6 6. Qe2 d5 7. Qe3 dxe4 8.
Ng5 Qe7 9. d4 h6 10. Nxe4 Nxe4 11. Qxe4 O-O 12. Bd3 g6 13. Bc4 Bf5 14. Qe2 h5
15. Bh6 Rfe8 16. Qd2 exd4+ 17. Be2 Bg4 18. f3 Bf5 19. h4 dxc3 20. Qxc3 Qxe2#
0-1

[Event "Tournoi francophone 007 Groupe E"]
[Site "Skype"]
[Date "????.??.??"]
[Round "9.5"]
[White "Mimouni, Driss"]
[Black "Lecluyse, Koenraad"]
[Result "0-1"]
[WhiteElo "1068"]
[BlackElo "1137"]
[PlyCount "120"]

1. e4 e6 2. e5 f6 3. d4 d5 4. Nc3 c6 5. Nf3 Bb4 6. a3 Bxc3+ 7. bxc3 Nd7 8. Be2
Qa5 9. Bd2 c5 10. dxc5 Nxc5 11. Nd4 fxe5 12. Nb3 Nxb3 13. cxb3 Nf6 14. b4 Qb6
15. Be3 Qd8 16. O-O Ne4 17. Bh5+ g6 18. Bf3 Nf6 19. Bg5 e4 20. Be2 Rf8 21. Bb5+
Bd7 22. a4 Bxb5 23. axb5 Qb6 24. Ra5 e3 25. Qe2 d4 26. cxd4 Qxd4 27. Bxe3 Qxb4
28. Bd2 Qd6 29. h3 h5 30. Be3 Nd5 31. Bxa7 Nf4 32. Qe4 Rf5 33. Qxb7 Ne2+ 34.
Kh1 Rd8 35. Raa1 Nf4 36. Bb8 Rxb8 37. Qf3 Rbxb5 38. Ra8+ Ke7 39. Ra7+ Ke8 40.
Qa8+ Rb8 41. Qf3 Nd3 42. Qd1 Rxf2 43. Qa1 e5 44. Rh7 Qc5 45. Rh8+ Kd7 46. Rxb8
Rxf1+ 47. Qxf1 e4 48. Qb1 Kd6 49. Rd8+ Ke5 50. Qb8+ Ke6 51. Re8+ Kd5 52. Qd8+
Kc4 53. Rxe4+ Kc3 54. Qf6+ Kb3 55. Qe6+ Kc3 56. Re3 Qc4 57. Re4 Nf2+ 58. Kg1
Nxe4 59. Qe5+ Kd3 60. Kf1 Qc1# 0-1

[Event "Tournoi francophone 007 Groupe E"]
[Site "Skype"]
[Date "????.??.??"]
[Round "9.6"]
[White "Morin, Claude"]
[Black "Pilon, Sabrina"]
[Result "0-1"]
[WhiteElo "1013"]
[BlackElo "1000"]
[PlyCount "46"]

1. e4 c5 2. c3 d6 3. h3 Nf6 4. d3 Nc6 5. Nf3 a5 6. a4 Be6 7. Ng5 g6 8. Nxe6
fxe6 9. Be2 Bg7 10. O-O O-O 11. Nd2 d5 12. e5 Nxe5 13. Nf3 Qd6 14. Bf4 Nxf3+
15. Bxf3 Qxf4 16. Re1 e5 17. Qb3 e4 18. dxe4 e6 19. e5 Ne4 20. Bxe4 Qxf2+ 21.
Kh2 Bxe5+ 22. Kh1 Qg3 23. Bxd5 Qh2# 0-1